Medzinárodné vzťahy v období od skončenia tridsaťročnej vojny do začiatku prvej svetovej vojny (1648 -1914)

Gespeichert in:
Bibliographische Detailangaben
1. Verfasser: Čech, Ľubomír, 1955-
Körperschaft: Ekonomická univerzita v Bratislave. Fakulta medzinárodných vzťahov
Weitere Verfasser: Vlček, Dalibor, Kucharčík, Rudolf, 1977-
Format: Buch
Sprache:Slowakisch
Veröffentlicht: Bratislava Vydavateľstvo EKONÓM 2021
Ausgabe:1. vydanie
Schlagworte:
Tags: Tag hinzufügen
Keine Tags, Fügen Sie das erste Tag hinzu!

MARC

LEADER 00000nam a2200000 4500
001 0273282
005 20240502074316.0
020 |a 978-80-225-4797-0 
041 0 |a slo 
044 |a SK 
245 1 0 |a Medzinárodné vzťahy v období od skončenia tridsaťročnej vojny do začiatku prvej svetovej vojny  |b (1648 -1914)  |c Ľubomír Čech ; recenzenti: Dalibor Vlček, Rudolf Kucharčík 
250 |a 1. vydanie 
264 1 |a Bratislava  |b Vydavateľstvo EKONÓM  |c 2021 
300 |a 105 s. [7,04 AH] 
610 2 0 |a vzťahy medzinárodné 
610 2 0 |a história 
610 2 0 |a vojny 
610 2 0 |a konflikty medzinárodné 
610 2 0 |a smery filozofické 
610 2 0 |a Európa 
610 2 0 |a USA 
100 1 |a Čech, Ľubomír, 1955- 
700 1 |a Vlček, Dalibor 
700 1 |a Kucharčík, Rudolf, 1977- 
710 2 |a Ekonomická univerzita v Bratislave. Fakulta medzinárodných vzťahov